000 00848nam a2200277Ia 4500
003 OSt
005 20221005092420.0
006 a|||||r|||| 00| 0
007 ta
008 221004b |||||||| |||| 00| 0 eng d
020 _a9780415266536 (pbk)
_c1226.03
024 _a89241
037 _b12068, 12/03/2008, Govinda Book House
_cTextual
040 _aCRL
_cCRL
_beng
041 _2eng
_aeng
082 _aY150aA, P6
100 _aPotter Elizabeth
_929885
245 0 _aFeminism and philosophy of science
_b an introduction
260 _aNew York
_bRoutledge USA
_c2006
300 _avi, 190p.
_ccm.
490 _aUnderstanding feminist philosophy
650 _a FEMINISM
650 _aSOCIOLOGY
942 _hY150aA, P6
_cTEXL
_2cc
999 _c998797
_d998797